000 01012nam a2200265 a 4500
001 000017033
003 DO-SdBNP
005 20250916114923.0
008 100316s1976 dr r 000 0 spa d
040 _aDO-SdBNP
_bspa
_cBNPHU
082 _a378.103
_bL351u
100 1 _aLatapi, Pablo
_937589
245 1 0 _aUniversidad y sociedad :
_bun enfoque basado en las experiencias latinoamericanas /
_cPablo Latapi.
260 _aSanto Domingo :
_bUASD,
_c1976.
300 _a46 p. ;
_c21 cm.
490 1 _aUASD crítica
_v7
500 _aIncluye datos biográficos del autor en la contracubierta.
650 0 _aUniversidades
_xAspectos sociales
_zAmérica Latina
_985564
_vEnsayos, conferencias, etc.
650 7 _aUniversidades
_xFines y objetivos
_985564
650 4 _aReforma universitaria
_zAmérica Latina
_937591
_vEnsayos, conferencias, etc.
710 1 _aUniversidad Autónoma de Santo Domingo
_972951
830 0 _aUASD crítica
_n7
_937592
910 _aValidado. Control de calidad. EMS
942 _2ddc
_cLBS1
999 _c16559
_d16559